01066cam a2200325 a 4500001000400000003000600004005001700010008004100027010001700068020001500085040002300100042000900123050002300132082001400155100002100169245006800190250001200258260003100270300004100301500002200342505000800364520020000372521002000572521001800592650002200610650002000632650002300652650002300675700004200698719FISKH20230703151314.0800819s1981 nyua j 000 1 eng  a 80023526  a0525359052 aDLCcDLCdDLCbeng alcac00aPZ7.R8139bNi 198100a[Fic]2191 aRoy, Ron,d1940-10aNightmare Island /cby Ron Roy ; illustrated by Robert MacLean. a1st ed. aNew York :bDutton,c1981. a69 pages. :billustrations ;c22 cm. a"A Unicorn book." aM  aOn their first solo camping trip to Little Island off the coast of Maine, Harley and his younger brother are engulfed by a fire that starts on an oil slick in the water and moves onto the island.8 a700 bLexile 8 aM bRaz-Plus 1aCampingxFiction. 1aFiresxFiction. 1aSurvivalxFiction. 1aBrothersxFiction.1 aMacLean, Robert,d1926-eillustrator.